000
00274nam a2200133Ia 4500
100
_a
Jaico
942
_c
RB
654
_a
dictionary
245
_a
Dictionary of Computers
260
_b
Jaico Pub
_a
Bombay
_c
1991
082
_a
4.03
_b
PAN
300
_a
354
546
_a
ENGLISH
999
_c
20431
_d
20431